Statistics for Biggest Cities in Mexico on a Map

Click here to take the quiz!

General Stats

  • This quiz has been taken 272 times
  • The average score is 10 of 15

Answers on the Map

Answers color-coded by a green-red scale on the quiz's map according to % correct below.
 

Answer Stats

PopulationCity% Correct
8,843,706Mexico City
99%
1,385,621Guadalajara
94%
1,142,952Monterrey
94%
1,810,645Tijuana
92%
888,797Cancun
86%
1,501,551Ciudad Juarez
83%
1,542,232Puebla
81%
921,771Merida
74%
925,762Chihuahua
71%
1,579,803Leon
69%
1,643,623Ecatepec de Morelos
43%
1,257,547Zapopan
34%
864,431Saltillo
32%
1,072,676Ciudad Nezahualcoyotl
18%
911,168Naucalpan de Juarez
13%

Score Distribution

Percentile by Number Answered

Percent of People with Each Score

Your Score History

You have not taken this quiz